[Event "kleoj vs dexter"]
[Site "http://www.queenalice.com/game.php?id=1250895"]
[Date "2014.1.24"]
[Round "-"]
[White "KLEOJ"]
[Black "dextermorgan"]
[Result "0-1"]
[WhiteElo "2152"]
[BlackElo "2121"]

1. d4 Nf6 2. Nf3 g6 3. Bf4 Bg7 4. e3 d6 5. Bc4 Nh5 6. Bg5 c5 7. c3 h6 8. Bh4 Nd7
9. Nbd2 O-O 10. O-O g5 11. Nxg5 hxg5 12. Qxh5 gxh4 13. Nf3 Nf6 14. Qxh4 cxd4 15.
exd4 Bf5 16. Qg5 e6 17. Nh4 Bh7 18. Rae1 d5 19. Bb3 Bd3 20. Re3 Bxf1 21. Rg3 Ne8
22. Qh5 Be2 23. Qxe2 Qxh4 24. Bc2 Qh6 25. Rh3 Qc1+ 26. Bd1 Nd6 27. Qh5 Rfc8 28.
Rg3 Qxb2 29. Qg5 Nf5 30. Rh3 Rxc3 31. Rxc3 Qxc3 0-1

[Event "dexter vs pato"]
[Site "http://www.queenalice.com/game.php?id=1251593"]
[Date "2014.1.26"]
[Round "-"]
[White "dextermorgan"]
[Black "Pato"]
[Result "1-0"]
[WhiteElo "2056"]
[BlackElo "2098"]

1. Nf3 a6 2. e4 b5 3. d4 Bb7 4. Bd3 e6 5. Be3 Nf6 6. Nbd2 d5 7. e5 Nfd7 8. Ng5
g6 9. h4 Bg7 10. h5 c5 11. Qg4 cxd4 12. hxg6 hxg6 13. Rxh8+ Bxh8 14. Nxf7 dxe3
15. Nxd8 exd2+ 16. Kxd2 Kxd8 17. f4 1-0

[Event "zugswang vs dexter"]
[Site "http://www.queenalice.com/game.php?id=1251631"]
[Date "2014.1.27"]
[Round "-"]
[White "Zugswang"]
[Black "dextermorgan"]
[Result "0-1"]
[WhiteElo "2096"]
[BlackElo "2006"]

1. e4 e5 2. f4 exf4 3. Bc4 Nf6 4. Nc3 c6 5. e5 d5 6. exf6 dxc4 7. Qe2+ Be6 8.
fxg7 Bxg7 9. Nf3 Na6 10. O-O O-O 11. d3 cxd3 12. cxd3 Nb4 13. d4 Bf5 14. Ne4 Re8
15. Qc4 Bxe4 16. Qxb4 Bxf3 17. Rxf3 c5 18. Qd2 Bxd4+ 19. Kf1 Qf6 20. Qd3 Rad8
21. Rxf4 Qe6 22. Bd2 Bf2 23. Qc4 Qxc4+ 24. Rxc4 Rxd2 25. Rf4 Ree2 0-1

[Event "AUTO-OPEN-3179"]
[Site "http://www.queenalice.com/game.php?id=1253178"]
[Date "2014.2.2"]
[Round "1"]
[White "Enaum"]
[Black "dextermorgan"]
[Result "0-1"]
[WhiteElo "1500"]
[BlackElo "2101"]

1. e4 Nf6 2. Nc3 e5 3. Nf3 Nc6 4. d3 Bb4 5. a3 Bxc3+ 6. bxc3 d5 7. Be2 dxe4 8.
Ng5 Bf5 9. Rb1 exd3 10. cxd3 h6 11. Nf3 b6 12. Nh4 Bh7 13. h3 O-O 14. Qa4 Na5
15. O-O e4 16. dxe4 Nxe4 17. Bf3 Qxh4 18. Bg4 Nxc3 19. Qc2 Bxc2 20. Rb4 c5 21.
Rb2 Bd3 22. Re1 Rae8 23. Rxe8 Rxe8 24. Be3 Rxe3 25. fxe3 Qe1+ 26. Kh2 Nc4 27.
Rb3 Be4 28. a4 Qf2 29. Bf3 Bxf3 30. Rxc3 Qxg2# 0-1

[Event "AUTO-OPEN-3179"]
[Site "http://www.queenalice.com/game.php?id=1253179"]
[Date "2014.2.2"]
[Round "1"]
[White "dextermorgan"]
[Black "Enaum"]
[Result "1-0"]
[WhiteElo "2101"]
[BlackElo "1500"]

1. e4 e5 2. Bc4 Nf6 3. d3 Nc6 4. Nf3 d6 5. Ng5 h6 6. Nxf7 Kd7 7. Nxd8 Kxd8 8.
Nc3 Bd7 9. O-O a6 10. f4 Bg4 11. Qe1 Nb4 12. fxe5 dxe5 13. Rxf6 gxf6 14. Qh4
Bc5+ 15. Kh1 Rg8 16. Bxg8 Bd1 17. Qxf6+ Kd7 18. Be6+ Kc6 19. Bd5+ Kd7 20. Qf7+
Kd6 21. Qe6# 1-0

[Event "AUTO-OPEN-3179"]
[Site "http://www.queenalice.com/game.php?id=1253204"]
[Date "2014.2.2"]
[Round "1"]
[White "dextermorgan"]
[Black "puddschini"]
[Result "1-0"]
[WhiteElo "2237"]
[BlackElo "2543"]

1. d4 d5 2. c4 e6 3. Nf3 c6 4. Bg5 Be7 5. Bxe7 Qxe7 6. Nbd2 Nf6 7. e3 O-O 8. Qc2
Nbd7 9. cxd5 exd5 10. Be2 c5 11. dxc5 Nxc5 12. Rc1 Nce4 13. O-O Bg4 14. Nxe4
dxe4 15. Nd4 Rac8 16. Bc4 a6 17. Qb3 Rc7 18. h3 Qe5 19. a4 Bd7 20. Rc2 g6 21.
Rfc1 Kg7 22. Be2 Rfc8 23. Rxc7 Rxc7 24. Rxc7 Qxc7 25. Bc4 Be8 26. a5 Nd7 27. Qb4
Nf6 28. g4 h6 29. Ba2 Qc1+ 30. Kg2 Qc7 31. Bb3 Qd7 32. Qc5 Qd8 33. Qe5 Bd7 34.
Bc2 Qc8 35. Kh2 Bc6 36. Kg3 Bd5 37. Kf4 Qh8 38. b3 Kh7 39. Qd6 Kg7 40. h4 Qc8
41. Bd1 Qh8 42. Be2 g5+ 43. Kg3 gxh4+ 44. Kxh4 Kh7 45. Qf4 Qd8 46. Kh3 Ng8 47.
Qf5+ Kh8 48. Qe5+ f6 49. Qf5 Qd6 50. Bc4 Ne7 51. Qh5 Bxc4 52. bxc4 1-0

[Event "AUTO-OPEN-3179"]
[Site "http://www.queenalice.com/game.php?id=1253205"]
[Date "2014.2.2"]
[Round "1"]
[White "puddschini"]
[Black "dextermorgan"]
[Result "0-1"]
[WhiteElo "2534"]
[BlackElo "2193"]

1. e4 c5 2. Nf3 d6 3. d4 cxd4 4. Nxd4 Nf6 5. Nc3 a6 6. Be3 Ng4 7. Bg5 h6 8. Bh4
g5 9. Bg3 Bg7 10. h3 Ne5 11. Nf5 Bxf5 12. exf5 Nbc6 13. Nd5 e6 14. fxe6 fxe6 15.
Ne3 Qa5+ 16. c3 Nf3+ 17. Qxf3 Bxc3+ 18. Kd1 Qa4+ 19. Kc1 Bxb2+ 20. Kxb2 Qb4+ 21.
Kc1 Nd4 22. Qh5+ Ke7 23. Bc4 Rac8 24. Kd1 Rxc4 25. Nxc4 Qa4+ 0-1

[Event "AUTO-OPEN-3179"]
[Site "http://www.queenalice.com/game.php?id=1253206"]
[Date "2014.2.2"]
[Round "1"]
[White "dextermorgan"]
[Black "Lopesq"]
[Result "1-0"]
[WhiteElo "2134"]
[BlackElo "1810"]

1. e4 d5 2. exd5 Qxd5 3. Nc3 Qe5+ 4. Be2 c6 5. Nf3 Qc7 6. d4 e6 7. Ne5 Be7 8.
Qd3 Nf6 9. Qg3 g6 10. Bf4 Qa5 11. Nc4 Nh5 12. Nxa5 Nxg3 13. hxg3 Nd7 14. O-O-O
Bf6 15. Ne4 Bg7 16. Nxb7 Bxb7 17. Nd6+ Kf8 18. Nxb7 Kg8 19. Na5 e5 20. dxe5 Nb6
21. Nxc6 h5 22. g4 h4 23. Be3 Bf8 24. b3 Ba3+ 25. Kb1 Bf8 26. a4 Nc8 27. Rd8 Kg7
28. Bg5 Kg8 29. Bf3 1-0

[Event "AUTO-OPEN-3179"]
[Site "http://www.queenalice.com/game.php?id=1253207"]
[Date "2014.2.2"]
[Round "1"]
[White "Lopesq"]
[Black "dextermorgan"]
[Result "0-1"]
[WhiteElo "1715"]
[BlackElo "2136"]

1. c4 c5 2. Nc3 g6 3. e3 Bg7 4. Nge2 Nf6 5. d4 O-O 6. d5 e6 7. d6 Nc6 8. a3 b6
9. Ng3 Bb7 10. Nb5 h5 11. Be2 h4 12. Nf1 Ne8 13. h3 Na5 14. Nd2 Bxg2 15. Rh2 Bc6
16. a4 a6 17. Nc3 Nxd6 18. Bg4 Ndxc4 19. Nxc4 Nxc4 20. f3 f5 21. Qd3 Ne5 22. Qf1
fxg4 23. f4 Nf3+ 24. Ke2 Nxh2 25. Qg2 Bxg2 26. hxg4 Nxg4 27. Bd2 Bxc3 0-1

[Event "dexter vs najniutrov"]
[Site "http://www.queenalice.com/game.php?id=1254060"]
[Date "2014.2.5"]
[Round "-"]
[White "dextermorgan"]
[Black "NajNiutrov"]
[Result "1-0"]
[WhiteElo "2101"]
[BlackElo "2188"]

1. Nf3 d5 2. d4 c5 3. c4 e6 4. cxd5 exd5 5. Nc3 h6 6. e4 dxe4 7. Bb5+ Bd7 8. Ne5
Bxb5 9. Qb3 Bc4 10. Qxc4 Qf6 11. Qb5+ Kd8 12. Qxb7 cxd4 13. Nxf7+ Ke8 14. Nxh8
dxc3 15. O-O Ne7 16. Qxa8 Nc6 17. Re1 cxb2 18. Bxb2 Qxb2 19. Rab1 Qe5 20. Rxb8+
1-0

[Event "Fast Chess"]
[Site "http://www.queenalice.com/game.php?id=1256106"]
[Date "2014.2.15"]
[Round "-"]
[White "phystutordotcom"]
[Black "dextermorgan"]
[Result "1/2-1/2"]
[WhiteElo "2473"]
[BlackElo "2170"]

1. Nf3 c6 2. g3 Nf6 3. Bg2 d5 4. d3 g6 5. Nbd2 Bg7 6. e4 dxe4 7. dxe4 c5 8. O-O
Nc6 9. c3 O-O 10. Qe2 Qb6 11. Rd1 Rd8 12. h3 a5 13. a4 h6 14. e5 Ne8 15. Re1 Bf5
16. Qb5 Qa7 17. Nc4 Nc7 18. Qb3 Be6 19. Be3 Rab8 20. Rad1 Rxd1 21. Rxd1 Qa6 22.
Bf1 b6 23. h4 Qb7 24. Bf4 Na7 25. Bg2 Qc8 26. Nfd2 Nd5 27. Bxd5 Bxd5 28. e6 Rb7
29. exf7+ Bxf7 30. Qc2 Qf5 31. Qxf5 gxf5 32. f3 Nc6 33. Re1 Kh7 34. Kf2 Bf6 35.
Be5 Nxe5 36. Nxe5 Be8 37. b3 f4 38. Ndc4 h5 39. Kg2 fxg3 40. Kxg3 Kh6 41. Re4
Rb8 42. f4 Kg7 43. Re1 b5 44. axb5 Rxb5 45. Nd2 c4 46. Nexc4 Bf7 47. Re3 Bxc4
48. Nxc4 Rxb3 49. Nxa5 Rxc3 50. Rxc3 Bxc3 51. Nc6 Kf6 52. f5 Be5+ 53. Kf3 Bd6
54. Nxe7 Bxe7 55. Kg2 Kxf5 56. Kh1 1/2-1/2

[Event "AUTO-OPEN-3122"]
[Site "http://www.queenalice.com/game.php?id=1259149"]
[Date "2014.2.23"]
[Round "2"]
[White "JORGESILVA19D"]
[Black "dextermorgan"]
[Result "0-1"]
[WhiteElo "2237"]
[BlackElo "2179"]

1. e4 c5 2. Nf3 d6 3. d4 cxd4 4. Nxd4 Nf6 5. Nc3 a6 6. a4 e5 7. Nb3 Be7 8. Be2
Be6 9. O-O Nc6 10. Be3 Rc8 11. Qd2 Nb4 12. a5 d5 13. Bb6 Qd7 14. exd5 Nfxd5 15.
Nxd5 Nxd5 16. Be3 O-O 17. Rfd1 Qe8 18. Bf3 Nxe3 19. fxe3 Qb5 20. Be2 Qc6 21.
Rdc1 Bg5 22. Kf2 Rfd8 23. Qb4 Bf5 24. Nd2 Bxe3+ 25. Kxe3 Rd4 26. Qe7 Rc7 27. Bf3
Qh6+ 0-1

[Event "AUTO-OPEN-3122"]
[Site "http://www.queenalice.com/game.php?id=1259150"]
[Date "2014.2.23"]
[Round "2"]
[White "dextermorgan"]
[Black "JORGESILVA19D"]
[Result "1-0"]
[WhiteElo "2155"]
[BlackElo "2249"]

1. e4 c6 2. c4 d5 3. cxd5 cxd5 4. exd5 Qxd5 5. Nc3 Qa5 6. d4 Nf6 7. Nf3 e6 8.
Bd3 Be7 9. O-O O-O 10. Bf4 a6 11. Re1 Bb4 12. Ne5 Nbd7 13. a3 Bxc3 14. bxc3 Qxc3
15. Nc4 g6 16. Be2 b5 17. Rc1 Qxe1+ 18. Qxe1 bxc4 19. Bf3 Ra7 20. Bh6 Re8 21.
Rxc4 Nb6 22. Rc1 Nbd5 23. Qe5 Rae7 24. g4 Bb7 25. Bxd5 1-0

[Event "AUTO-OPEN-3122"]
[Site "http://www.queenalice.com/game.php?id=1259157"]
[Date "2014.2.23"]
[Round "2"]
[White "dextermorgan"]
[Black "gasparotto"]
[Result "1-0"]
[WhiteElo "2137"]
[BlackElo "2030"]

1. d4 d5 2. c4 c6 3. Nf3 e6 4. Nc3 Nf6 5. Bg5 Be7 6. e3 Nbd7 7. Be2 O-O 8. O-O
h6 9. Bf4 Nh5 10. Be5 f6 11. Bf4 Nxf4 12. exf4 Qc7 13. f5 Nb8 14. Bd3 Rd8 15.
fxe6 Bxe6 16. cxd5 cxd5 17. Re1 Bf7 18. Nh4 Bd6 19. Nf5 Bxh2+ 20. Kh1 Bf4 21.
Nb5 Qc8 22. Qg4 g6 23. Ne7+ 1-0

[Event "AUTO-OPEN-3122"]
[Site "http://www.queenalice.com/game.php?id=1259158"]
[Date "2014.2.23"]
[Round "2"]
[White "gasparotto"]
[Black "dextermorgan"]
[Result "0-1"]
[WhiteElo "2018"]
[BlackElo "2147"]

1. e4 d5 2. exd5 Qxd5 3. Nc3 Qa5 4. d4 Nf6 5. Nf3 c6 6. Bd2 Bf5 7. Bc4 e6 8. O-O
Nbd7 9. Re1 Qc7 10. d5 cxd5 11. Bxd5 Bc5 12. Bg5 O-O-O 13. Bb3 Ng4 14. Bxd8
Bxf2+ 15. Kh1 Rxd8 16. Nb5 Bxe1 17. Nxc7 Nf2+ 18. Kg1 Nxd1 19. Rxd1 Bb4 20. Nb5
Bc5+ 21. Kf1 Bg6 22. Nh4 Bh5 23. Rd2 Ne5 24. Rxd8+ Kxd8 25. g3 g5 26. Ng2 Ng4
27. h3 Nh2+ 28. Ke1 Bf3 29. Bc4 Bxg2 0-1

[Event "AUTO-OPEN-3122"]
[Site "http://www.queenalice.com/game.php?id=1279138"]
[Date "2014.5.5"]
[Round "3"]
[White "artur59"]
[Black "dextermorgan"]
[Result "1/2-1/2"]
[WhiteElo "2633"]
[BlackElo "2215"]

1. e4 c5 2. Nf3 d6 3. d4 cxd4 4. Nxd4 Nf6 5. Nc3 a6 6. Be3 e5 7. Nb3 Be6 8. f3
h5 9. Qd2 Nbd7 10. O-O-O Be7 11. Kb1 b5 12. Nd5 Bxd5 13. exd5 Nb6 14. Bxb6 Qxb6
15. Na5 Rc8 16. c4 bxc4 17. Nxc4 Qa7 18. Na5 Rc5 19. Nc6 Qd7 20. Bd3 Rxd5 21.
Rc1 O-O 22. Qe2 a5 23. g4 Bd8 24. Bf5 Qe8 25. g5 Nd7 26. Nxd8 Qxd8 27. g6 Nc5
28. f4 fxg6 29. Bxg6 Rxf4 30. Qxh5 Rd2 31. Qh7+ Kf8 32. Rhf1 Rdf2 33. Qh8+ Ke7
34. Qxg7+ Ke6 35. Rxf2 Rxf2 36. Bh7 Kd5 37. Bc2 Rf4 1/2-1/2

[Event "AUTO-OPEN-3122"]
[Site "http://www.queenalice.com/game.php?id=1279139"]
[Date "2014.5.5"]
[Round "3"]
[White "dextermorgan"]
[Black "artur59"]
[Result "1/2-1/2"]
[WhiteElo "2226"]
[BlackElo "2643"]

1. d4 Nf6 2. c4 g6 3. Nc3 Bg7 4. e4 d6 5. Nf3 O-O 6. Be2 e5 7. O-O Nc6 8. d5 Ne7
9. b4 a5 10. Ba3 axb4 11. Bxb4 Nd7 12. a4 Bh6 13. Qb3 Kh8 14. Rfe1 f5 15. Qb2
Nf6 16. Bd3 fxe4 17. Nxe4 Nxe4 18. Bxe4 Bg4 19. Qa3 Bxf3 20. Bxf3 Nf5 21. c5 Rf7
22. cxd6 cxd6 23. Be4 Bf8 24. Ra2 Nd4 25. Rb1 Kg8 26. Qd3 Bh6 27. Bc3 Qf6 28. g3
Nf3+ 29. Kh1 Raf8 30. Qxf3 Qxf3+ 31. Bxf3 Rxf3 32. Be1 R3f7 33. Rb6 Rd7 34. Bb4
Rf5 35. Kg2 e4 36. Re2 e3 37. f4 g5 38. Rxe3 gxf4 1/2-1/2

[Event "AUTO-OPEN-3179"]
[Site "http://www.queenalice.com/game.php?id=1327624"]
[Date "2014.12.12"]
[Round "2"]
[White "toomchess"]
[Black "dextermorgan"]
[Result "0-1"]
[WhiteElo "2158"]
[BlackElo "2266"]

1. e4 b6 2. d4 Bb7 3. Nc3 e6 4. a3 Nf6 5. Bg5 h6 6. Bxf6 Qxf6 7. Nf3 g5 8. h4 g4
9. Ne5 h5 10. Bd3 a6 11. f3 d6 12. Nc4 gxf3 13. Qxf3 Qxd4 14. Rf1 Qg7 15. O-O-O
Nc6 16. e5 d5 17. Nxd5 exd5 18. Qxd5 Nd8 19. Qd4 Bc5 20. Qc3 Bxg2 21. Rg1 Bxg1
22. Rxg1 Qh6+ 23. Kb1 Bb7 24. Bf5 Ne6 25. Qd3 Rd8 26. Qh3 Rd4 27. Ne3 Rf4 28.
Ng2 Rf3 0-1

[Event "AUTO-OPEN-3179"]
[Site "http://www.queenalice.com/game.php?id=1327625"]
[Date "2014.12.12"]
[Round "2"]
[White "dextermorgan"]
[Black "toomchess"]
[Result "1-0"]
[WhiteElo "2258"]
[BlackElo "2129"]

1. Nf3 Nf6 2. c4 e6 3. Nc3 Bb4 4. Qc2 d5 5. a3 Be7 6. d4 O-O 7. Bf4 c6 8. e3
Nbd7 9. Rc1 b6 10. Bd3 Bb7 11. O-O Rc8 12. cxd5 cxd5 13. Qe2 Re8 14. Nb5 a5 15.
Bc7 Rxc7 16. Rxc7 Ba6 17. Ra7 Bxb5 18. Bxb5 Bd6 19. Ne5 Re7 20. Nc6 Qf8 21.
Nxe7+ Qxe7 22. Bxd7 Nxd7 23. Qb5 Qh4 24. g3 1-0

[Event "AUTO-OPEN-3179"]
[Site "http://www.queenalice.com/game.php?id=1327632"]
[Date "2014.12.12"]
[Round "2"]
[White "dextermorgan"]
[Black "Amag"]
[Result "1-0"]
[WhiteElo "2275"]
[BlackElo "1955"]

1. g3 e6 2. Bg2 d5 3. Nf3 Nc6 4. d4 Be7 5. O-O f6 6. c4 dxc4 7. e4 Nxd4 8. Nxd4
e5 9. Nf5 Bxf5 10. exf5 Qxd1 11. Rxd1 c6 12. Nc3 Bd8 13. Ne4 Be7 14. Bf3 Rd8 15.
Be3 Nh6 16. Bxh6 Rxd1+ 17. Rxd1 g6 18. Be2 b5 19. Bg7 Rg8 20. Bxf6 Rf8 21. Bxe7
Kxe7 22. f6+ 1-0

[Event "AUTO-OPEN-3179"]
[Site "http://www.queenalice.com/game.php?id=1327633"]
[Date "2014.12.12"]
[Round "2"]
[White "Amag"]
[Black "dextermorgan"]
[Result "0-1"]
[WhiteElo "1949"]
[BlackElo "2277"]

1. c4 c6 2. d3 d5 3. b3 dxc4 4. bxc4 Qd4 5. Nc3 Qxc3+ 6. Bd2 Qa3 7. Qc2 e5 8. e4
Na6 9. Qc3 Qxc3 10. Bxc3 f6 11. Nf3 Nc5 12. Bd2 b6 13. Be2 Be6 14. O-O Rd8 15.
Ne1 Nxe4 16. Nf3 Nc5 17. Bb4 Nxd3 18. Bxf8 Kxf8 19. Rfd1 Bxc4 20. Rd2 e4 21. Ne1
Kf7 22. f3 f5 23. fxe4 fxe4 24. Rc2 b5 25. Bxd3 exd3 26. Rf2+ Nf6 27. Nf3 Rhe8
28. Rd1 Ne4 29. Nd2+ Nxf2 30. Kxf2 Re2+ 0-1

[Event "AUTO-OPEN-3179"]
[Site "http://www.queenalice.com/game.php?id=1369493"]
[Date "2015.7.4"]
[Round "3"]
[White "CCapivara"]
[Black "dextermorgan"]
[Result "0-1"]
[WhiteElo "2206"]
[BlackElo "2288"]

1. e4 Nf6 2. e5 Nd5 3. c4 Nb6 4. c5 Nd5 5. Nc3 e6 6. d4 d6 7. cxd6 cxd6 8. Nf3
Nc6 9. Bb5 dxe5 10. Nxe5 Bd7 11. Nxd5 Nxe5 12. Bxd7+ Nxd7 13. Nc3 Bb4 14. O-O
O-O 15. Bf4 Nb6 16. Rc1 Bxc3 17. bxc3 Rc8 18. Qf3 Qf6 19. Qg3 Qg6 20. Qxg6 hxg6
21. Bd6 Rfd8 22. Bc5 Nc4 23. a4 b6 24. Be7 Rd5 25. Bb4 a5 26. Be7 f6 27. Rfe1
Kf7 0-1

[Event "AUTO-OPEN-3179"]
[Site "http://www.queenalice.com/game.php?id=1369494"]
[Date "2015.7.4"]
[Round "3"]
[White "dextermorgan"]
[Black "CCapivara"]
[Result "1-0"]
[WhiteElo "2279"]
[BlackElo "2163"]

1. d4 d6 2. e4 Nf6 3. Nc3 c6 4. f4 Qa5 5. e5 Ne4 6. Nf3 Nxc3 7. bxc3 Qxc3+ 8.
Bd2 Qa3 9. Bd3 Bg4 10. Rb1 b5 11. O-O Qxa2 12. h3 Bxf3 13. Qxf3 e6 14. Rxb5 Be7
15. f5 exf5 16. exd6 Bxd6 17. Rxb8+ Rxb8 18. Qxc6+ 1-0